MARC

LEADER 00000nam0a2200000 4500
001 253535
005 20231101232843.0
035 |a (RuTPU)RU\TPU\book\275928 
090 |a 253535 
100 |a 20140314d1988 k y0rusy50 ca 
101 0 |a rus 
102 |a RU 
105 |a a z 001zy 
200 1 |a ЭВМ в исследованиях и проектировании объектов строительства  |e сборник научных трудов  |f Ленинградский зональный научно-исследовательский и проектный институт типового и экспериментального проектирования жилых и общественных зданий 
210 |a Ленинград  |c Изд-во ЛенЗНИИЭП  |d 1988 
215 |a 97 с.  |c ил. 
320 |a Библиография в конце статей 
606 1 |a Строительное проектирование  |x Автоматизация  |2 stltpush  |3 (RuTPU)RU\TPU\subj\57283  |9 75145 
610 1 |a вычислительная техника 
610 1 |a ЭВМ 
610 1 |a строительные конструкции 
610 1 |a исследование 
610 1 |a расчет 
675 |a 721.02  |v 3 
712 0 2 |a Ленинградский зональный научно-исследовательский и проектный институт типового и экспериментального проектирования жилых и общественных зданий  |2 stltpush  |3 (RuTPU)RU\TPU\col\10125  |9 24801 
801 1 |a RU  |b 63413507  |c 20140314 
801 2 |a RU  |b 63413507  |c 20140408  |g RCR 
942 |c BK